Základné rámce a tendencie ekonomického rozvoja Slovenska v rokoch 1971-1985 čiastková úloha E IV-4-2/1

Gespeichert in:
Bibliographische Detailangaben
1. Verfasser: Hoffmann, Pavel
Weitere Verfasser: Masaryk, Ján
Format: Buch
Sprache:Slowakisch
Veröffentlicht: Bratislava Výskumný ústav oblastného plánovania 1971
Schriftenreihe:Výskumné práce 64
Tags: Tag hinzufügen
Keine Tags, Fügen Sie das erste Tag hinzu!

MARC

LEADER 00000nam a2200000 4500
001 0221724
005 20240822101658.7
041 0 |a slo 
044 |a SK 
245 1 0 |a Základné rámce a tendencie ekonomického rozvoja Slovenska v rokoch 1971-1985  |b čiastková úloha E IV-4-2/1  |c Pavel Hoffmann, Ján Masaryk 
264 1 |a Bratislava  |b Výskumný ústav oblastného plánovania  |c 1971 
300 |a 157 s. 
490 1 |a Výskumné práce  |v 64 
830 0 |a Výskumné práce  |v 64 
100 1 |a Hoffmann, Pavel 
700 1 |a Masaryk, Ján